01875cam a22004337a 4500003000500000005001700005008004100022010001000063011001000073020001500083035001000098040000900108082001700117110009000134245015400224260009400378300003300472410001000505490006800515590004100583590004100624590004100665590004100706590004100747590004200788650005600830650005000886650003600936650002300972710006600995810001701061830007601078901000701154905002401161942001001185949009101195999001701286952013801303CHAP20220329142035.0990412d1997 cr r 00010 spa d a77460 a78432 a9977572820 a88362 cCHAP04a634.9016bC42 aCentro Agronómico Tropical de Investigación y Enseñanza. Turrialba, C.R.92104610aManejo del bosque natural latifoliado en el trópico americano :bbibliografíac/por Centro Agronómico Tropical de Investigación y Enseñanza aTurrialba, C. R. :bCentro Agronómico Tropical de Investigación y Enseñanza,c1997. a544 p. :b+ 2 diskets de 3.52 aCATIE 0aSerie bibliotecología y documentación. Bibliografíav; 26 aBATCH-UPDb10c20130110lUCH01h0129 aBATCH-UPDb10c20130110lUCH01h0717 aBATCH-UPDb10c20130409lUCH01h2124 aBATCH-UPDb10c20130410lUCH01h1012 aBATCH-UPDb10c20130914lUCH01h0704 aCONVERSIONb10c20130109lUCH01h134314aBosquesxAdministraciónxAmérica Latina.91400614aBosquesxAdministraciónxTrópicos.91403014aBosquesxBibliografía.91409514aPublicidad.9928110 aCentro para la Investigación Forestal Internacional.92125900aCATIE9205130 aSerie bibliotecología y documentación. Bibliografíav; 269104630 aBK aMayto Villalobos S. cLIBRO a634.9016 C4bBCcCd33724000713236eCh94710i88362m2 disket solicitar en procesossb c77460d77460 00102ddc4051708CaBCbBCcPA_CONSULTAd2019-12-31fLIBROl0o634.9016 C4p33724000713236r2019-12-31 00:00:00w2019-12-31yLIBRO